000 01493nam a2200385 c 4500
003 BLK
005 20180420223918.0
008 180408b bul|||||r ||||||| ||bul||
010 _aKNG00076814000
020 _a954-26-0456-4
_bиздат.: Хермес
040 _aBLK
041 _aBUL
_cBUL
080 _aБългарска литература
_b821.163.2
_x-14.09
_z821.163.2-14.09
080 _aБългарска литература
_b821.163.2
_x(092)
_z821.163.2(092)
080 _aБиографии
_b929
_x(497.2)
_z929(497.2)
100 1 _aГанчева, Бистра Лазарова
_eпърви автор
_9254926
139 _aГанчева, Бистра Лазарова
_bГ 22
245 1 0 _aЧовек и свят в българската лирика от началото на ХХ век
_cБистра Лазарова Ганчева.
257 _aBGR
260 Пловдив
_bХермес
_c2006
_fХасково : Полиграфюг
300 _a272 с.
_c20 см
380 _a82
500 _aБиблиогр. с. 260-271.
504 _a260-271
650 4 _aЛирика, българска
_9261407
650 4 _aПоети, български
_9241945
653 _aбългарски поети
653 _aлитературна критика
653 _aбългарска поезия
852 _aЦб 235029
856 4 _qpdf
_u
856 4 _qpdf
_u
942 _cKNG
_n0
944 _aCR
_c01.08.2007
_kЛюдмила_Стоянова
944 _aED
_c21.09.2007
_k
999 _c72439
_d72439